000 00482nam a2200181Ia 4500
008 151018s9999 xx 000 0 und d
082 _bRBASDV23810
_a891.463
100 _aऊ ज शेळके
245 _aधग
250 _b3
260 _bपॉप्युलर प्रकाशन मुंबई
_c1983
300 _a250
600 _aऊ ज शेळके
630 _aधग
700 _aऊ ज शेळके
730 _aधग
942 _cBOOK
999 _c1023459
_d1023456